Future of human resource management (Record no. 2677)

000 -LEADER
fixed length control field 00614nam a2200217 a 4500
007 - PHYSICAL DESCRIPTION FIXED FIELD--GENERAL INFORMATION
fixed length control field ta
008 - FIXED-LENGTH DATA ELEMENTS--GENERAL INFORMATION
fixed length control field 230120t2019 ii a|||gr|||| 0|1 0 eng|d
020 ## - INTERNATIONAL STANDARD BOOK NUMBER
International Standard Book Number 9788126578061
Terms of availability Rs. 489.00
040 ## - CATALOGING SOURCE
Original cataloging agency IMU Kochi Library
Language of cataloging eng
041 0# - LANGUAGE CODE
Language code of text/sound track or separate title eng
044 ## - COUNTRY OF PUBLISHING/PRODUCING ENTITY CODE
MARC country code India
082 04 - DEWEY DECIMAL CLASSIFICATION NUMBER
Classification number 658.3
Item number P9128
Edition number 23
100 1# - MAIN ENTRY--PERSONAL NAME
Personal name Preet, Raman
245 10 - TITLE STATEMENT
Title Future of human resource management
Sub Title : case studies with strategic approach /
260 ## - PUBLICATION, DISTRIBUTION, ETC. (IMPRINT)
Place of publication, distribution, etc New Delhi :
Name of publisher, distributor, etc Wiley India Pvt. Ltd.,
Date of publication, distribution, etc 2019
300 ## - PHYSICAL DESCRIPTION
Extent xviii, 153 p. :
Other physical details ill. ;
Dimensions 23 cm.
650 #0 - SUBJECT ADDED ENTRY--TOPICAL TERM
Topical term or geographic name as entry element Personnel management
Form subdivision Textbooks
852 ## - LOCATION/CALL NUMBER
Location IMU Kochi Library
904 ## - LOCAL DATA ELEMENT D, LDD (RLIN)
CATALOGER Akhil Bose
942 ## - ADDED ENTRY ELEMENTS (KOHA)
Item type Books
Holdings
Withdrawn status Lost status Source of classification or shelving scheme Damaged status Not for loan Collection code Permanent location Current location Shelving location Date acquired Source of acquisition Cost, normal purchase price Full call number Barcode Date last seen Koha item type Public note Total Checkouts Date last borrowed
          Management Studies IMU Kochi Library IMU Kochi Library General Stacks 2023-01-20 M/S Technical Bureau India Pvt. Ltd (Inv. No. TB2811 Dt. 2023-01-14) 489.00 658.3 P9128 BK005883 2023-04-25 Books Gen. Shelf-26, Row-6    
          Management Studies IMU Kochi Library IMU Kochi Library General Stacks 2023-01-20 M/S Technical Bureau India Pvt. Ltd (Inv. No. TB2811 Dt. 2023-01-14) 489.00 658.3 P9128 BK005884 2025-04-09 Books Gen. Shelf-26, Row-6 1 2025-04-04
          Management Studies IMU Kochi Library IMU Kochi Library General Stacks 2023-01-20 M/S Technical Bureau India Pvt. Ltd (Inv. No. TB2811 Dt. 2023-01-14) 489.00 658.3 P9128 BK005885 2024-05-20 Books Gen. Shelf-26, Row-6 1 2024-04-24
          Management Studies IMU Kochi Library IMU Kochi Library General Stacks 2023-01-20 M/S Technical Bureau India Pvt. Ltd (Inv. No. TB2811 Dt. 2023-01-14) 489.00 658.3 P9128 BK005886 2023-04-25 Books Gen. Shelf-26, Row-6    
          Management Studies IMU Kochi Library IMU Kochi Library General Stacks 2023-01-20 M/S Technical Bureau India Pvt. Ltd (Inv. No. TB2811 Dt. 2023-01-14) 489.00 658.3 P9128 BK005887 2023-04-25 Books Gen. Shelf-26, Row-6    


Copyright © All Rights Reserved by Indian Maritime University, Kochi Campus.
For any Suggestions/Query Contact to library or Email: library.kochi@imu.ac.in Ph:(0484)-2989402
(Web OPAC Designed by Rudra Ranjan. Maintained by IMU Kochi Library)

Powered by Koha